[Event "82nd Tata Steel Masters 2020"]
[Site "Wijk aan Zee"]
[Date "2020.01.11"]
[Round "1.6"]
[White "Vitiugov, Nikita"]
[Black "Duda, Jan-Krzysztof"]
[Result "1/2-1/2"]
[WhiteElo "2747"]
[BlackElo "2758"]
[Annotator "TA"]
[PlyCount "115"]
[EventDate "2020.01.11"]
[EventType "tourn"]
[EventCountry "NED"]
[SourceTitle "playchess.com"]
[Source "ChessBase"]
[SourceQuality "1"]

1. e4 c5 2. Nf3 d6 3. d4 cxd4 4. Nxd4 Nf6 5. Nc3 Nc6 6. Be2 e5 7. Nb3 Be7 8. O-O O-O 9. Kh1 a5 10. Be3 Be6 11. Nd2 d5 12. exd5 Nxd5 13. Nxd5 Qxd5 14. c3 a4 15. Nc4 Qe4 16. f3 Qg6 17. Nb6 Ra5 18. Bd3 f5 19. Qc2 Qf7 20. Nxa4 Bxa2 21. b4 Bb3 22. Qe2 Raa8 23. Nc5 Rxa1 24. Rxa1 Bxc5 25. Bxc5 Re8 26. h3 Qe6 27. Re1 Kh8 28. Rb1 Ra8 29. b5 Nb8 30. Rxb3 Qxb3 31. Qxe5 Qf7 32. Qxf5 Qxf5 33. Bxf5 Ra5 34. c4 Nc6 35. Bd6 Nd4 36. Be4 Ra4 37. Bxb7 Rxc4 38. b6 Rc1+ 39. Kh2 Rb1 40. Bc5 Ne6 41. Be3 Nd8 42. Be4 Rb3 43. Bf2 Rb2 44. Bg3 Kg8 45. Bd5+ Kf8 46. Bd6+ Ke8 47. Be5 Rxb6 48. Bxg7 Ne6 49. Be5 Kf7 50. f4 Rb5 51. Bf3 Nf8 52. Bd4 Ne6 53. Be5 Nf8 54. Kg3 Ng6 55. Bc3 Ne7 56. Be5 Ng6 57. Bc3 Ne7 58. Be5 1/2-1/2

[Event "84th Tata Steel Masters 2022"]
[Site "Wijk aan Zee"]
[Date "2022.01.15"]
[Round "1.6"]
[White "Vidit, Santosh Gujrathi"]
[Black "Shankland, Sam"]
[Result "1-0"]
[WhiteElo "2727"]
[BlackElo "2708"]
[Annotator "TA"]
[PlyCount "145"]
[EventDate "2022.01.15"]
[EventType "tourn"]
[EventCountry "NED"]
[SourceTitle "playchess.com"]
[Source "ChessBase"]
[SourceQuality "1"]

1. d4 Nf6 2. c4 e6 3. Nc3 d5 4. cxd5 exd5 5. Bg5 c6 6. e3 Be7 7. Bd3 O-O 8. h3 Ne8 9. Bf4 Bd6 10. Qf3 Qf6 11. Nge2 Bxf4 12. Nxf4 Nd6 13. h4 Re8 14. O-O-O Bf5 15. Bxf5 Qxf5 16. g4 Qf6 17. g5 Qf5 18. Qh3 Qxh3 19. Rxh3 Nd7 20. b3 Ne4 21. Nxe4 Rxe4 22. Kd2 Rae8 23. Ne2 R4e6 24. Ng3 g6 25. h5 c5 26. Rdh1 R8e7 27. Rc1 cxd4 28. exd4 Nf8 29. Rc5 Rd6 30. Rc8 Red7 31. Ne2 Rd8 32. Rxd8 Rxd8 33. Nf4 f6 34. gxf6 Kf7 35. hxg6+ hxg6 36. Nd3 Kxf6 37. Rf3+ Ke7 38. Ne5 Ke6 39. a4 a5 40. Kd3 Rb8 41. Rf7 g5 42. Rg7 Kf5 43. Ke3 b6 44. Kf3 g4+ 45. Nxg4 Ne6 46. Ne3+ Kf6 47. Rg4 b5 48. Nxd5+ Kf7 49. Ke4 bxa4 50. bxa4 Rb2 51. f3 Rb3 52. f4 Ra3 53. Nb6 Rb3 54. Nd5 Ra3 55. Ke5 Rxa4 56. f5 Nf8 57. Kd6 Nh7 58. f6 Kf8 59. Ke5 Ra1 60. Nf4 Re1+ 61. Kf5 Ke8 62. Rg8+ Nf8 63. d5 Rf1 64. d6 Rd1 65. Ng6 Rf1+ 66. Ke5 Re1+ 67. Kd5 Rd1+ 68. Kc6 Rc1+ 69. Kb5 Kd7 70. Rxf8 Kxd6 71. f7 Rc5+ 72. Ka4 Ke6 73. Nh8 1-0

[Event "84th Tata Steel Challengers 2022"]
[Site "Wijk aan Zee"]
[Date "2022.01.15"]
[Round "1.6"]
[White "Dardha, Daniel"]
[Black "Murzin, Volodar"]
[Result "0-1"]
[WhiteElo "2533"]
[BlackElo "2519"]
[Annotator "TA"]
[PlyCount "88"]
[EventDate "2022.01.15"]
[EventType "tourn"]
[EventCountry "NED"]
[SourceTitle "playchess.com"]
[Source "ChessBase"]
[SourceQuality "1"]

1. d4 d5 2. c4 c6 3. Nc3 Nf6 4. Nf3 e6 5. e3 Nbd7 6. Qc2 b6 7. cxd5 cxd5 8. Nb5 Bb4+ 9. Bd2 Bxd2+ 10. Nxd2 O-O 11. Be2 Ba6 12. a4 Qe7 13. O-O Rfc8 14. Qb3 Ne8 15. Bd3 Bb7 16. Nc3 a6 17. Rfc1 Nd6 18. a5 b5 19. Qa3 Qf8 20. b3 Rc7 21. Na2 Rac8 22. Rxc7 Rxc7 23. Rc1 Qb8 24. Bf1 Rxc1 25. Nxc1 h6 26. Nd3 Ne4 27. Qe7 Nxd2 28. Qxd7 Qc8 29. Qe7 Qc2 30. Qc5 Qxb3 31. Qc1 Nxf1 32. Nc5 Qa2 33. Kxf1 b4 34. Qd1 Bc6 35. h4 Qxa5 36. g4 Qd8 37. Kg2 a5 38. Kg3 a4 39. f4 b3 40. g5 hxg5 41. hxg5 b2 42. Nd3 Qb6 43. g6 b1=Q 44. gxf7+ Kf8 0-1

[Event "82nd Tata Steel Masters 2020"]
[Site "Wijk aan Zee"]
[Date "2020.01.11"]
[Round "1.7"]
[White "Firouzja, Alireza"]
[Black "Kovalev, Vladislav"]
[Result "1-0"]
[WhiteElo "2723"]
[BlackElo "2660"]
[Annotator "TA"]
[PlyCount "71"]
[EventDate "2020.01.11"]
[EventType "tourn"]
[EventCountry "NED"]
[SourceTitle "playchess.com"]
[Source "ChessBase"]
[SourceQuality "1"]

1. e4 e5 2. Nf3 Nc6 3. Bb5 a6 4. Ba4 Nf6 5. O-O Be7 6. Re1 b5 7. Bb3 d6 8. c3 O-O 9. h3 Bb7 10. d4 Re8 11. Nbd2 Bf8 12. a4 h6 13. Bc2 exd4 14. cxd4 Nb4 15. Bb1 c5 16. d5 c4 17. Nd4 Nd7 18. axb5 axb5 19. Rxa8 Bxa8 20. Nxb5 Qb8 21. Na3 Nd3 22. Re3 Nxc1 23. Qxc1 g6 24. Naxc4 Bg7 25. Ra3 Qc7 26. b4 Bb7 27. Bd3 Rb8 28. Qd1 Bc8 29. Qa4 Ne5 30. Nxe5 Qc1+ 31. Bf1 Bxe5 32. Nc4 Bd4 33. Qe8+ Kg7 34. Rf3 f6 35. Qe7+ Kg8 36. Qd8+ 1-0

[Event "84th Tata Steel Masters 2022"]
[Site "Wijk aan Zee"]
[Date "2022.01.15"]
[Round "1.7"]
[White "Van Foreest, Jorden"]
[Black "Grandelius, Nils"]
[Result "1-0"]
[WhiteElo "2702"]
[BlackElo "2672"]
[Annotator "TA"]
[PlyCount "88"]
[EventDate "2022.01.15"]
[EventType "tourn"]
[EventCountry "NED"]
[SourceTitle "playchess.com"]
[Source "ChessBase"]
[SourceQuality "1"]

1. e4 e5 2. Nf3 Nc6 3. Bb5 a6 4. Ba4 Nf6 5. d3 d6 6. c3 g6 7. O-O Bg7 8. Re1 O-O 9. Nbd2 Re8 10. Nf1 b5 11. Bc2 a5 12. Bg5 h6 13. Bh4 a4 14. Ne3 Bb7 15. c4 Nb4 16. cxb5 Qd7 17. Bxf6 Bxf6 18. Bxa4 Nxd3 19. Qxd3 Rxa4 20. Nd1 Rb4 21. a4 d5 22. Qd2 Qd6 23. exd5 e4 24. Qxh6 Qf8 25. Qxf8+ Kxf8 26. Nd2 Bxd5 27. Re3 Bd4 28. Rea3 f5 29. g3 g5 30. Ne3 Bxe3 31. fxe3 Rxb2 32. Nf1 Bc4 33. Rc3 Be2 34. Rac1 Ra8 35. R3c2 Rxc2 36. Rxc2 Bf3 37. Rc4 Ke7 38. Rxc7+ Ke6 39. Rc4 Be2 40. Rb4 Rc8 41. Nd2 Bd3 42. b6 Rc1+ 43. Kf2 Rc2 44. b7 Kd5 1-0

[Event "84th Tata Steel Challengers 2022"]
[Site "Wijk aan Zee"]
[Date "2022.01.15"]
[Round "1.7"]
[White "Zhu, Jiner"]
[Black "Shuvalova, Polina"]
[Result "0-1"]
[WhiteElo "2478"]
[BlackElo "2516"]
[Annotator "TA"]
[PlyCount "104"]
[EventDate "2022.01.15"]
[EventType "tourn"]
[EventCountry "NED"]
[SourceTitle "playchess.com"]
[Source "ChessBase"]
[SourceQuality "1"]

1. e4 e5 2. Nf3 Nc6 3. Bb5 a6 4. Ba4 Nf6 5. O-O Be7 6. Re1 b5 7. Bb3 O-O 8. h3 Bb7 9. d3 d5 10. exd5 Nxd5 11. Nxe5 Nd4 12. Nd2 c5 13. Nf1 Qc7 14. Bxd5 Bxd5 15. Bf4 Bd6 16. Bh2 Rae8 17. c3 Bxe5 18. cxd4 Bxh2+ 19. Nxh2 cxd4 20. Rxe8 Rxe8 21. a3 Qe5 22. Nf1 h5 23. Qd2 Re6 24. f3 h4 25. Kf2 Qf5 26. Re1 Rc6 27. Kg1 Rg6 28. Kh2 Kh7 29. Re2 a5 30. Re1 b4 31. axb4 axb4 32. Rc1 b3 33. Rc5 Ra6 34. Qf2 Qf4+ 35. Kg1 Rd6 36. Rb5 g6 37. Rb4 Be6 38. Nd2 g5 39. Ne4 Rc6 40. Qxd4 Rc1+ 41. Kf2 Qh2 42. Nxg5+ Kg6 43. Qe4+ Bf5 44. Qxh4 Rc2+ 45. Ke3 Qg1+ 46. Kf4 Qc1+ 47. Kg3 Qe1+ 48. Kh2 Qxh4 49. Rxh4 Kxg5 50. Rb4 Rxb2 51. d4 Bd3 52. d5 Bf1 0-1

[Event "80th Tata Steel Masters 2018"]
[Site "Wijk aan Zee"]
[Date "2018.01.14"]
[Round "2"]
[White "Caruana, Fabiano"]
[Black "Jones, Gawain C B"]
[Result "1/2-1/2"]
[WhiteElo "2811"]
[BlackElo "2640"]
[Annotator "TA"]
[PlyCount "138"]
[EventDate "2018.??.??"]
[EventType "tourn"]
[EventRounds "4"]
[EventCountry "NED"]
[SourceTitle "playchess.com"]
[Source "ChessBase"]
[SourceQuality "1"]

1. d4 Nf6 2. c4 g6 3. Nc3 Bg7 4. e4 d6 5. h3 O-O 6. Be3 e5 7. d5 Na6 8. g4 Nc5 9. f3 h5 10. Qd2 Nh7 11. O-O-O h4 12. Bd3 Nxd3+ 13. Qxd3 f5 14. Rh2 Kh8 15. Rg2 Bd7 16. exf5 gxf5 17. g5 f4 18. Bf2 Qe8 19. Ne4 Bf5 20. Bxh4 Qh5 21. Bf2 Bxe4 22. fxe4 Nxg5 23. Rg4 Nh7 24. Nf3 Bf6 25. c5 Rg8 26. Rdg1 Qh6 27. Qf1 Be7 28. Kc2 Nf6 29. Ng5 Raf8 30. Ne6 Qh7 31. Rh4 Nh5 32. Nxf8 Rxf8 33. Rhg4 Qxe4+ 34. Qd3 Qxd3+ 35. Kxd3 e4+ 36. Kc4 dxc5 37. Bxc5 Bxc5 38. Kxc5 Ng3 39. Rh4+ Kg7 40. Kd4 Rf5 41. Rxf4 Rxf4 42. Rxg3+ Kf6 43. Rb3 c6 44. Rxb7 cxd5 45. Kxd5 e3 46. Rb3 Rf2 47. Rxe3 Rxb2 48. a4 Rb7 49. h4 Rd7+ 50. Kc5 Rh7 51. Re4 Rh5+ 52. Kd6 Kf7 53. Re7+ Kg8 54. Re4 Kf7 55. Rf4+ Ke8 56. Kc7 Ke7 57. Re4+ Kf6 58. Kb7 Rh7+ 59. Ka6 Kf5 60. Rb4 Ke6 61. a5 Kd6 62. Rf4 Rh5 63. Rg4 Kc6 64. Rb4 Rh7 65. Rc4+ Kd6 66. Rc1 Rxh4 67. Kxa7 Ra4 68. a6 Rb4 69. Ka8 Ke5 1/2-1/2

[Event "80th Tata Steel Masters 2018"]
[Site "Wijk aan Zee"]
[Date "2018.01.14"]
[Round "2"]
[White "Karjakin, Sergey"]
[Black "Anand, Viswanathan"]
[Result "1/2-1/2"]
[WhiteElo "2753"]
[BlackElo "2767"]
[Annotator "TA"]
[PlyCount "61"]
[EventDate "2018.??.??"]
[EventType "tourn"]
[EventRounds "4"]
[EventCountry "NED"]
[SourceTitle "playchess.com"]
[Source "ChessBase"]
[SourceQuality "1"]

1. Nf3 d5 2. g3 Nf6 3. Bg2 c5 4. O-O Nc6 5. d4 e6 6. c4 dxc4 7. dxc5 Qxd1 8. Rxd1 Bxc5 9. Nfd2 Na5 10. Na3 Bxa3 11. bxa3 O-O 12. Ne4 Nxe4 13. Bxe4 e5 14. Bb2 Re8 15. Bc3 Nc6 16. Rab1 h6 17. f3 Re7 18. Kf2 f6 19. Bd5+ Kh7 20. Be4+ Kg8 21. Bb4 Rc7 22. Bd6 Rd7 23. Bd5+ Kh8 24. Bxc4 Nd4 25. Bc5 Rc7 26. Bxd4 Rxc4 27. Be3 b6 28. Rd8+ Kh7 29. Rc1 Rxc1 30. Bxc1 Bb7 31. Rxa8 1/2-1/2

[Event "80th Tata Steel Masters 2018"]
[Site "Wijk aan Zee"]
[Date "2018.01.14"]
[Round "2"]
[White "Wei, Yi"]
[Black "Svidler, Peter"]
[Result "1/2-1/2"]
[WhiteElo "2743"]
[BlackElo "2768"]
[Annotator "TA"]
[PlyCount "247"]
[EventDate "2018.??.??"]
[EventType "tourn"]
[EventRounds "4"]
[EventCountry "NED"]
[SourceTitle "playchess.com"]
[Source "ChessBase"]
[SourceQuality "1"]

1. d4 Nf6 2. c4 g6 3. Nc3 d5 4. Bg5 Ne4 5. Bh4 Nxc3 6. bxc3 dxc4 7. e3 Be6 8. Nf3 Bg7 9. Qb1 Qd5 10. Be2 Bf5 11. Qb4 c5 12. Qb5+ Bd7 13. Qxc4 Bc6 14. Qb3 e6 15. c4 Qd7 16. Ne5 Qc7 17. O-O O-O 18. Bg3 Qb6 19. Rfd1 Qa6 20. a4 Nd7 21. Nxc6 bxc6 22. Rab1 cxd4 23. exd4 Nb6 24. Ra1 Rfd8 25. a5 Nc8 26. Ra2 Ne7 27. d5 exd5 28. cxd5 Qc8 29. Bh4 Qc7 30. Bxe7 Qxe7 31. dxc6 Rxd1+ 32. Qxd1 Rd8 33. Qc2 Be5 34. g3 Rb8 35. Kg2 Kg7 36. Qc1 Rb3 37. Bf3 Bc7 38. Qc4 Ra3 39. Qd4+ Be5 40. Re2 Rxa5 41. Qd7 Kf8 42. Qc8+ Qe8 43. Qb7 Rc5 44. Qxa7 Qe7 45. Qa3 h5 46. Rd2 Bd6 47. Qd3 Be5 48. Qa3 Bd6 49. Qd3 Be5 50. Qb3 Rc3 51. Qd1 h4 52. Rd7 Qg5 53. Qd5 Qf5 54. Bg4 Qf6 55. f4 Bxf4 56. gxf4 Rc2+ 57. Kh3 Rc3+ 58. Kg2 Rc2+ 59. Kg1 Rc1+ 60. Bd1 Qxf4 61. Qd4 Qxd4+ 62. Rxd4 Rxc6 63. Rxh4 Kg7 64. Rd4 Rf6 65. Kg2 Kh6 66. Bf3 Kg7 67. Kg3 Kh6 68. Kf2 Kg7 69. Rd7 Kg8 70. Ke3 Kg7 71. Bd5 Kg8 72. Bc4 Kg7 73. Rc7 Rf5 74. Ra7 Rf6 75. Rb7 Rf5 76. Ba2 Rf6 77. Bb3 Rf5 78. Rd7 Rf6 79. Bc4 Rf5 80. Bd5 Rf6 81. Rb7 Rf5 82. Ke4 Kg8 83. Ra7 Kg7 84. Kd4 Rf2 85. h3 Rf1 86. Kc5 Rf6 87. Rb7 Kg8 88. Kd4 Rf5 89. Kc4 Kg7 90. Kc5 Rf6 91. Rc7 Kf8 92. Be4 Kg7 93. Kd5 Re6 94. Kd4 Rf6 95. Ra7 Kf8 96. Ra3 Kg7 97. Kd5 Re6 98. Rc3 Rf6 99. Bc2 Kf8 100. Bb3 Kg7 101. Ke5 Rf5+ 102. Kd6 Rf4 103. Bd5 Rf5 104. Rc7 Kf8 105. Ra7 Rf6+ 106. Kd7 Rf5 107. Ra8+ Kg7 108. Kd6 Rf6+ 109. Ke7 Rf5 110. Rd8 Re5+ 111. Kd6 Rf5 112. Be4 Rf6+ 113. Ke5 Re6+ 114. Kf4 Rf6+ 115. Kg5 Re6 116. Rd4 Rf6 117. h4 Re6 118. Bf3 Rf6 119. Bg4 Rf1 120. Rd7 Rf2 121. h5 gxh5 122. Bxh5 Rf1 123. Bxf7 Rxf7 124. Rxf7+ 1/2-1/2

[Event "80th Tata Steel Masters 2018"]
[Site "Wijk aan Zee"]
[Date "2018.01.14"]
[Round "2"]
[White "Matlakov, Maxim"]
[Black "So, Wesley"]
[Result "1/2-1/2"]
[WhiteElo "2718"]
[BlackElo "2792"]
[Annotator "TA"]
[PlyCount "60"]
[EventDate "2018.??.??"]
[EventType "tourn"]
[EventRounds "4"]
[EventCountry "NED"]
[SourceTitle "playchess.com"]
[Source "ChessBase"]
[SourceQuality "1"]

1. d4 Nf6 2. c4 e6 3. g3 d5 4. Bg2 dxc4 5. Nf3 Nc6 6. Qa4 Bb4+ 7. Bd2 Nd5 8. Bxb4 Ndxb4 9. Nc3 Bd7 10. O-O a5 11. Qd1 O-O 12. e3 a4 13. Nxa4 Nxd4 14. Qxd4 Bxa4 15. Qxc4 Qe7 16. a3 Nd5 17. Rfc1 Rfc8 18. b3 Bc6 19. Nd4 Rxa3 20. Nxc6 bxc6 21. Qxc6 Rxa1 22. Rxa1 Nf6 23. Rc1 h5 24. Bf3 Rb8 25. Qxc7 Qxc7 26. Rxc7 Rxb3 27. Rc8+ Kh7 28. Rc7 Kg8 29. Rc8+ Kh7 30. Rc7 Kg8 1/2-1/2

[Event "80th Tata Steel Challengers 2018"]
[Site "Wijk aan Zee"]
[Date "2018.01.14"]
[Round "2"]
[White "Vidit, Santosh Gujrathi"]
[Black "Krasenkow, Michal"]
[Result "1-0"]
[WhiteElo "2718"]
[BlackElo "2671"]
[Annotator "TA"]
[PlyCount "53"]
[EventDate "2018.??.??"]
[EventType "tourn"]
[EventCountry "NED"]
[SourceTitle "playchess.com"]
[Source "ChessBase"]
[SourceQuality "1"]

1. e4 c5 2. Nf3 e6 3. d4 cxd4 4. Nxd4 Nf6 5. Nc3 Nc6 6. Nxc6 bxc6 7. e5 Nd5 8. Ne4 Qc7 9. f4 Qb6 10. c4 Bb4+ 11. Ke2 f5 12. exf6 Nxf6 13. Be3 Qd8 14. Nd6+ Bxd6 15. Qxd6 Qe7 16. Bc5 Qf7 17. Ke3 g5 18. Be2 g4 19. Rac1 h5 20. Rc3 Qg7 21. Bd3 Kf7 22. Kd2 Re8 23. Re1 Qh6 24. Kc2 a5 25. Re5 Nh7 26. Rf5+ Kg8 27. Qe5 1-0

[Event "80th Tata Steel Masters 2018"]
[Site "Wijk aan Zee"]
[Date "2018.01.14"]
[Round "2"]
[White "Hou, Yifan"]
[Black "Mamedyarov, Shakhriyar"]
[Result "0-1"]
[WhiteElo "2680"]
[BlackElo "2804"]
[Annotator "TA"]
[PlyCount "96"]
[EventDate "2018.??.??"]
[EventType "tourn"]
[EventRounds "4"]
[EventCountry "NED"]
[SourceTitle "playchess.com"]
[Source "ChessBase"]
[SourceQuality "1"]

1. e4 e6 2. d4 d5 3. Nc3 Bb4 4. exd5 exd5 5. Bd3 Nc6 6. a3 Ba5 7. Nge2 Nge7 8. O-O O-O 9. Bg5 f6 10. Be3 Bf5 11. Nf4 Bxc3 12. bxc3 Qd7 13. c4 Bxd3 14. Qxd3 Rad8 15. Rab1 b6 16. Rb5 dxc4 17. Qxc4+ Rf7 18. Rd1 Na5 19. Qd3 c6 20. Rbb1 Qf5 21. a4 g5 22. Nh5 Qxd3 23. Rxd3 Nd5 24. Bd2 Nc4 25. Re1 h6 26. h4 Kh7 27. g4 gxh4 28. Re6 Rd6 29. Rxd6 Nxd6 30. f3 f5 31. Be1 a5 32. Bxh4 b5 33. Ra3 Nc4 34. Ra1 fxg4 35. fxg4 Nde3 36. Nf6+ Kg6 37. d5 cxd5 38. axb5 Rxf6 39. Bxf6 Kxf6 40. c3 Ke6 41. b6 Kd7 42. Rb1 Kc8 43. b7+ Kb8 44. Kf2 a4 45. Ke2 a3 46. Kd3 Nxg4 47. Kd4 Nd2 48. Rb4 a2 0-1

[Event "80th Tata Steel Masters 2018"]
[Site "Wijk aan Zee"]
[Date "2018.01.14"]
[Round "2"]
[White "Adhiban, B."]
[Black "Carlsen, Magnus"]
[Result "0-1"]
[WhiteElo "2655"]
[BlackElo "2834"]
[Annotator "TA"]
[PlyCount "72"]
[EventDate "2018.??.??"]
[EventType "tourn"]
[EventRounds "4"]
[EventCountry "NED"]
[SourceTitle "playchess.com"]
[Source "ChessBase"]
[SourceQuality "1"]

1. e4 e5 2. Nf3 Nc6 3. Nc3 Nf6 4. d4 exd4 5. Nxd4 Bb4 6. Nxc6 bxc6 7. Bd3 d5 8. exd5 O-O 9. O-O cxd5 10. Bg5 c6 11. Qf3 Bd6 12. Rae1 Rb8 13. b3 a5 14. h3 h6 15. Bxf6 Qxf6 16. Qxf6 gxf6 17. Ne2 c5 18. Ng3 Rd8 19. Nf5 Bf8 20. Ne7+ Bxe7 21. Rxe7 Be6 22. Rd1 c4 23. Be2 a4 24. bxa4 Bf5 25. Bf3 d4 26. a5 Bxc2 27. Rc1 Rb1 28. Rxb1 Bxb1 29. Rc7 c3 30. Bd1 Ra8 31. Rc5 Bxa2 32. Bc2 Be6 33. Kf1 Rc8 34. Rxc8+ Bxc8 35. Ke2 Ba6+ 36. Kf3 d3 0-1

[Event "80th Tata Steel Challengers 2018"]
[Site "Wijk aan Zee"]
[Date "2018.01.14"]
[Round "2"]
[White "Bluebaum, Matthias"]
[Black "Girya, Olga"]
[Result "0-1"]
[WhiteElo "2640"]
[BlackElo "2489"]
[Annotator "TA"]
[PlyCount "124"]
[EventDate "2018.??.??"]
[EventType "tourn"]
[EventCountry "NED"]
[SourceTitle "playchess.com"]
[Source "ChessBase"]
[SourceQuality "1"]

1. Nf3 d5 2. g3 Bg4 3. Bg2 c6 4. O-O Nd7 5. h3 Bxf3 6. Bxf3 e5 7. d3 Ngf6 8. e4 Bc5 9. Nc3 dxe4 10. Nxe4 Nxe4 11. dxe4 O-O 12. Qe2 a5 13. a4 Qe7 14. Kg2 Rfd8 15. Bd2 Nf8 16. Rfd1 Ne6 17. c3 Rd6 18. Bg4 Rad8 19. Be1 g6 20. h4 h5 21. Bf3 Ba7 22. Qc2 Nc5 23. Be2 Qe6 24. Rxd6 Rxd6 25. Ra3 Qd7 26. b4 Nd3 27. Bxd3 Rxd3 28. bxa5 c5 29. Qe2 c4 30. Ra2 Kg7 31. Rd2 Rxd2 32. Qxd2 Qc6 33. Qc2 Bb8 34. f3 Bc7 35. Qb2 Bxa5 36. Qa3 Bb6 37. Qe7 Qc5 38. Qxc5 Bxc5 39. Bf2 Ba3 40. f4 Kf6 41. Kf3 Ke6 42. Be3 Be7 43. Bf2 Bd8 44. Be1 Bc7 45. Bf2 Kd7 46. Be3 Kc6 47. Ke2 b6 48. Kd2 Kb7 49. fxe5 Bxe5 50. Bf4 Bg7 51. Bd6 Kc6 52. Bf4 Kb7 53. Bd6 Ka6 54. e5 Ka5 55. Ke3 Kxa4 56. Kd4 Kb3 57. Bc7 b5 58. Ba5 Bh6 59. Kc5 Bd2 60. Kd6 Bxc3 61. Bxc3 Kxc3 62. Ke7 Kd4 0-1

[Event "80th Tata Steel Challengers 2018"]
[Site "Wijk aan Zee"]
[Date "2018.01.14"]
[Round "2"]
[White "L'Ami, Erwin"]
[Black "Amin, Bassem"]
[Result "1/2-1/2"]
[WhiteElo "2634"]
[BlackElo "2693"]
[Annotator "TA"]
[PlyCount "60"]
[EventDate "2018.??.??"]
[EventType "tourn"]
[EventCountry "NED"]
[SourceTitle "playchess.com"]
[Source "ChessBase"]
[SourceQuality "1"]

1. d4 Nf6 2. c4 g6 3. Nc3 Bg7 4. e4 d6 5. Be2 O-O 6. Be3 e5 7. d5 Na6 8. g4 Nc5 9. f3 h5 10. g5 Nh7 11. h4 f6 12. gxf6 Bxf6 13. Bf2 Be7 14. Kd2 Rf4 15. Qe1 a5 16. Nh3 Rxh4 17. Bxh4 Bxh4 18. Qg1 Qf6 19. Kc2 Kg7 20. Nf2 Bd7 21. Nd3 b6 22. Qh2 Bg5 23. Rag1 Nxd3 24. Bxd3 Rf8 25. Be2 Qf4 26. Qg2 Qf6 27. a3 Kh6 28. Qf2 Qf4 29. Qg2 Qf6 30. Qf2 Qf4 1/2-1/2

[Event "80th Tata Steel Challengers 2018"]
[Site "Wijk aan Zee"]
[Date "2018.01.14"]
[Round "2"]
[White "Xiong, Jeffery"]
[Black "Korobov, Anton"]
[Result "1/2-1/2"]
[WhiteElo "2634"]
[BlackElo "2652"]
[Annotator "TA"]
[PlyCount "61"]
[EventDate "2018.??.??"]
[EventType "tourn"]
[EventCountry "NED"]
[SourceTitle "playchess.com"]
[Source "ChessBase"]
[SourceQuality "1"]

1. d4 d5 2. c4 c6 3. Nf3 Nf6 4. Qb3 e6 5. Bf4 dxc4 6. Qxc4 b5 7. Qb3 Nbd7 8. e3 a6 9. a4 Qa5+ 10. Nbd2 c5 11. Qd1 bxa4 12. Rxa4 Qd8 13. Be2 Bb7 14. O-O cxd4 15. Rxd4 Bc5 16. Rd3 Qe7 17. Ne5 Nxe5 18. Bxe5 O-O 19. Nb3 Bb4 20. Bf3 Nd5 21. Nd4 Qg5 22. Bg3 a5 23. h4 Qh6 24. Nb5 Ba6 25. Bxd5 Bxb5 26. Bxa8 Bxd3 27. Qxd3 Rxa8 28. Rd1 Qf6 29. b3 h5 30. Qc4 Rd8 31. Rxd8+ 1/2-1/2

[Event "80th Tata Steel Challengers 2018"]
[Site "Wijk aan Zee"]
[Date "2018.01.14"]
[Round "2"]
[White "Gordievsky, Dmitry"]
[Black "Van Foreest, Jorden"]
[Result "1/2-1/2"]
[WhiteElo "2622"]
[BlackElo "2629"]
[Annotator "TA"]
[PlyCount "62"]
[EventDate "2018.??.??"]
[EventType "tourn"]
[EventCountry "NED"]
[SourceTitle "playchess.com"]
[Source "ChessBase"]
[SourceQuality "1"]

1. Nf3 c5 2. c4 Nc6 3. Nc3 g6 4. g3 Bg7 5. Bg2 e6 6. d4 Nxd4 7. Nxd4 cxd4 8. Ne4 d5 9. Qa4+ Kf8 10. Qa3+ Qe7 11. Nd6 Be5 12. Nxc8 Qxa3 13. bxa3 Rxc8 14. cxd5 exd5 15. Rb1 b6 16. Bxd5 Nf6 17. Bf3 Kg7 18. Kd2 Nd7 19. Bb2 Nc5 20. Rhc1 Bf6 21. Ba1 Rhd8 22. Rb4 Rd6 23. Bg2 d3 24. e3 Bxa1 25. Rxa1 f5 26. Rc1 Re8 27. Rf4 Re7 28. h4 Ne6 29. Rb4 Nc5 30. Rf4 Ne6 31. Rb4 Nc5 1/2-1/2

[Event "80th Tata Steel Challengers 2018"]
[Site "Wijk aan Zee"]
[Date "2018.01.14"]
[Round "2"]
[White "Bok, Benjamin"]
[Black "Harika, Dronavalli"]
[Result "1/2-1/2"]
[WhiteElo "2607"]
[BlackElo "2497"]
[Annotator "TA"]
[PlyCount "60"]
[EventDate "2018.??.??"]
[EventType "tourn"]
[EventCountry "NED"]
[SourceTitle "playchess.com"]
[Source "ChessBase"]
[SourceQuality "1"]

1. e4 c5 2. Nf3 Nc6 3. Bb5 d6 4. O-O Bd7 5. Re1 Nf6 6. c3 a6 7. Bf1 Bg4 8. h3 Bxf3 9. Qxf3 e6 10. d3 Be7 11. Nd2 O-O 12. Qe2 b5 13. g3 Rb8 14. Bg2 Qc7 15. a3 a5 16. a4 b4 17. Nc4 Nd7 18. Be3 Nce5 19. Nxe5 dxe5 20. Rec1 Qd6 21. cxb4 cxb4 22. Rc2 Rfc8 23. Rac1 Rxc2 24. Qxc2 Bd8 25. b3 Kf8 26. Qc6 Qxc6 27. Rxc6 Bb6 28. Bf3 Ke7 29. Bd1 Kd8 30. Kf1 Bxe3 1/2-1/2

[Event "80th Tata Steel Challengers 2018"]
[Site "Wijk aan Zee"]
[Date "2018.01.14"]
[Round "2"]
[White "Van Foreest, Lucas"]
[Black "Tari, Aryan"]
[Result "1-0"]
[WhiteElo "2481"]
[BlackElo "2599"]
[Annotator "TA"]
[PlyCount "169"]
[EventDate "2018.??.??"]
[EventType "tourn"]
[EventCountry "NED"]
[SourceTitle "playchess.com"]
[Source "ChessBase"]
[SourceQuality "1"]

1. e4 c6 2. d4 d5 3. exd5 cxd5 4. Bd3 Nc6 5. c3 Qc7 6. h3 g6 7. Nf3 Bf5 8. O-O Nf6 9. Re1 Bxd3 10. Qxd3 Bg7 11. Be3 O-O 12. Nbd2 Nd7 13. Bg5 Rfe8 14. Bh4 Qb6 15. Rab1 a5 16. Nf1 Qa6 17. Qd2 Nf6 18. Bxf6 exf6 19. Rxe8+ Rxe8 20. Re1 Re6 21. Qf4 Rxe1 22. Nxe1 Qe2 23. Qd2 Qxd2 24. Nxd2 Bh6 25. Nb3 b5 26. Nc2 Kf8 27. a4 bxa4 28. Nc5 Ke7 29. Nxa4 Kd6 30. Kf1 Nd8 31. b3 Ne6 32. c4 f5 33. Nc3 Bg7 34. c5+ Kc6 35. Ne2 Bh6 36. Ke1 Nf4 37. Nxf4 Bxf4 38. Kd1 h5 39. b4 Kb5 40. bxa5 Kxa5 41. Ke2 Kb5 42. Kd3 Bc7 43. Ne3 Kc6 44. Nd1 h4 45. Nc3 Ba5 46. Kc2 Bd8 47. Ne2 g5 48. Nc1 Kb5 49. Nd3 f6 50. Kb3 Ba5 51. Nb2 Be1 52. Nd1 f4 53. f3 Bd2 54. Nc3+ Kc6 55. Kc2 Be1 56. Kd3 f5 57. Na4 Ba5 58. Kc2 Kb5 59. Kb3 Be1 60. Nb6 Bf2 61. Kc3 Be1+ 62. Kd3 Kc6 63. Nc8 Kd7 64. Nd6 Ke6 65. Ne8 Ba5 66. Kc2 Ke7 67. Nd6 Ke6 68. Kb3 Be1 69. Ne8 Kd7 70. Ng7 Ba5 71. Ka4 Bc3 72. Nxf5 Kc6 73. Kb3 Ba1 74. Ne7+ Kb5 75. c6 Kb6 76. Nxd5+ Kxc6 77. Nb4+ Kd6 78. Kc4 Ke6 79. Nd3 Kf5 80. Kc5 Bc3 81. d5 Bf6 82. Kc6 Kg6 83. Kd7 Kf7 84. Nc5 Bd4 85. Ne4 1-0